Normal view
MARC view
- Holmes, Dawn E.
Entry Personal Name
001 - CONTROL NUMBER
- control field: 82548
003 - CONTROL NUMBER IDENTIFIER
- control field: NUST
005 - DATE AND TIME OF LATEST TRANSACTION
- control field: 20210920164109.0
008 - FIXED-LENGTH DATA ELEMENTS
- fixed length control field: 210920|| aca||aabn | a|a d
040 ## - CATALOGING SOURCE
- Original cataloging agency: NUST
- Transcribing agency: NUST
100 ## - HEADING--PERSONAL NAME
- Personal name: Holmes, Dawn E.
- Titles and other words associated with a name: (Statistician)
670 ## - SOURCE DATA FOUND
- Source citation: Work cat.: (NUST)31932: Holmes E. Dawn 82546, Innovations in Bayesian Networks :, c2008.
